[Event "Biel"]
[Site "Biel"]
[Date "1991.??.??"]
[Round "2"]
[White "Christiansen, Larry Mark"]
[Black "Shirov, Alexei"]
[Result "1/2-1/2"]
[WhiteElo "2600"]
[BlackElo "2610"]

1.d4 Nf6 2.c4 g6 3.Nc3 Bg7 4.e4 d6 5.f3 O-O 6.Be3 c5 7.Nge2 Nc6 8.d5 Ne5
9.Ng3 h5 10.Be2 e6 11.Bg5 Qb6 12.Qb3 Qc7 13.f4 Nh7 14.Bh4 Ng4 15.O-O Bd4+
16.Kh1 Nf2+ 17.Rxf2 Bxf2 18.Nb5 Qd7 19.Rf1 a6 20.Rxf2 axb5 21.e5 bxc4 22.Bxc4 dxe5
23.dxe6 fxe6 24.f5 gxf5 25.Nxf5 Kh8 26.Nh6 Rxf2 27.Bxf2 Qd2 28.Be3 Qe1+ 29.Bg1 Kg7
30.Bxe6 Kxh6 31.Bxc8 Nf6 32.Qf7 Ra6 33.Bf5 Ng4 34.h3 Rf6 35.Qh7+ Kg5 36.Bxg4 hxg4
37.Qg7+ Rg6 38.Qe7+ Kf4 39.Qf7+ Kg5 40.Qe7+ Kh6 41.Qf8+ Kg5  1/2-1/2

[Event "Biel"]
[Site "Biel"]
[Date "1991.??.??"]
[Round "11"]
[White "Gavrikov, Viktor"]
[Black "Christiansen, Larry Mark"]
[Result "0-1"]
[WhiteElo "2585"]
[BlackElo "2600"]

1.e4 c5 2.Nf3 e6 3.d4 cxd4 4.Nxd4 a6 5.Bd3 Bc5 6.Nb3 Ba7 7.Qe2 Nc6 8.Be3 Nf6
9.Nc3 d6 10.f4 e5 11.Bxa7 Rxa7 12.f5 b5 13.O-O Ne7 14.a4 b4 15.Nd1 O-O 16.a5 d5
17.exd5 Re8 18.Ne3 Nexd5 19.Nxd5 Qxd5 20.Ra4 e4 21.Bc4 Qe5 22.Rxb4 Qxb2 23.Rb6 Qe5
24.Bxa6 Bxa6 25.Rxa6 Ng4 26.g3 Rxa6 27.Qxa6 e3 28.Qe2 Nf2 29.Qf3 Qc3 30.Qe2 Qc6
31.Rxf2 exf2+ 32.Qxf2 Rd8 33.Qe2 h6 34.h4 Qc3 35.Kg2 Rc8 36.Kh3 Qb2 37.a6 Rxc2
38.Qe8+ Kh7 39.a7 h5  0-1

[Event "Groningen"]
[Site "Groningen"]
[Date "1991.??.??"]
[Round "?"]
[White "Christiansen, Larry Mark"]
[Black "Sokolov, Ivan"]
[Result "0-1"]
[WhiteElo "2600"]
[BlackElo "2570"]

1.c4 e5 2.Nc3 Nc6 3.Nf3 Nf6 4.e4 Bb4 5.d3 d6 6.g3 a6 7.Bg2 b5 8.cxb5 axb5
9.O-O Bxc3 10.bxc3 Bd7 11.Nh4 O-O 12.f4 h6 13.fxe5 dxe5 14.Be3 Qe7 15.Kh1 Rfd8
16.Qc2 Qd6 17.Rad1 Bg4 18.Rd2 b4 19.h3 Be6 20.c4 Ra3 21.Rfd1 Nd4 22.Qb2 c5
23.Kh2 Qa6 24.Bxd4 exd4 25.e5 Nd7 26.Re2 Nb6 27.Rf2 Na4 28.Qc1 Nc3 29.Rdd2 Nxa2
30.Qd1 Nc3 31.Qh5 b3 32.g4 Ra2 33.g5 hxg5 34.Qxg5 Rb8 35.Bd5 Rxd2 36.Rxd2 Qa2
37.Bxe6 fxe6 38.Ng6 Kf7 39.Rxa2 bxa2 40.Qe7+ Kxg6 41.Qxe6+ Kh7 42.Qf5+ Kg8
43.Qe6+ Kh8 44.Qa6 Kh7 45.e6 Rb2+ 46.Kg3 Re2 47.h4 Re1 48.e7 Rxe7 49.h5 Re1
50.Qg6+ Kg8 51.Qa6 a1=Q 52.Qc8+ Kf7 53.Qd7+ Kf8 54.Qf5+ Ke7 55.Qxc5+ Kd7
56.Qf5+ Kc7  0-1

[Event "Groningen"]
[Site "Groningen"]
[Date "1991.??.??"]
[Round "3"]
[White "Christiansen, Larry Mark"]
[Black "Ftacnik, Lubomir"]
[Result "1-0"]
[WhiteElo "2600"]
[BlackElo "2575"]

1.e4 c5 2.Nc3 d6 3.f4 g6 4.d4 cxd4 5.Qxd4 Nf6 6.e5 Nc6 7.Bb5 Nh5 8.Nf3 Bg7
9.O-O O-O 10.Bxc6 bxc6 11.Be3 Bg4 12.Rae1 Qa5 13.Bc1 Rad8 14.Qe4 Qb6+ 15.Kh1 d5
16.Qd3 Bc8 17.Na4 Qc7 18.Nc5 Bh6 19.Nd4 Ng7 20.Rg1 f6 21.Bd2 fxe5 22.fxe5 Bxd2
23.Qxd2 Rf7 24.Rgf1 Rdf8 25.Rxf7 Rxf7 26.Kg1 Qb6 27.b4 Ne6 28.Ndxe6 Bxe6
29.Qd4 Bf5 30.c3 a5 31.Nb3 Qb5 32.Nxa5 Qa4 33.Qd2 c5 34.Nb3 cxb4 35.cxb4 Qa7+
36.Nc5 Be4 37.a4 Rf5 38.Qd4 Rg5 39.g3 Rf5 40.a5 Rf3 41.Rf1 Rf5 42.Rxf5 gxf5
43.Qe3 Qc7 44.Qg5+ Kh8 45.Qh6 Kg8 46.Ne6 Qa7+ 47.Kf1 Kf7 48.Ng5+ Ke8 49.Qc6+ Kf8
50.Qe6 Kg7 51.Qf7+ Kh6 52.Ne6  1-0

[Event "Munich"]
[Site "Munich"]
[Date "1991.??.??"]
[Round "1"]
[White "Christiansen, Larry Mark"]
[Black "Wahls, Matthias"]
[Result "1-0"]
[WhiteElo "2590"]
[BlackElo "2560"]

1.d4 Nf6 2.c4 g6 3.Nc3 Bg7 4.e4 d6 5.f3 c6 6.Be3 a6 7.a4 a5 8.Bd3 Na6 9.Rc1 e5
10.Nge2 Nd7 11.d5 Bh6 12.Bxh6 Qh4+ 13.Ng3 Qxh6 14.O-O Qe3+ 15.Kh1 Nb4 16.Bb1 cxd5
17.Nb5 Qb6 18.exd5 f5 19.Qd2 O-O 20.f4 e4 21.Bxe4 fxe4 22.Nxe4 Nc5 23.Nbxd6 Bf5
24.Qd4 Bxe4 25.Nxe4 Nba6 26.d6 Nd7 27.c5 Qb3 28.Rf3 Qe6 29.Ng5 Qf5 30.Qc4+ Kh8
31.Ne6 Rf6 32.Re3 Rc8 33.h3 Nb4 34.Rce1 Qd5 35.Qc3 Na2 36.Qxa5 b6 37.Qa7 Qc6
38.Nd4  1-0

[Event "Munich"]
[Site "Munich"]
[Date "1991.??.??"]
[Round "3"]
[White "Christiansen, Larry Mark"]
[Black "Hort, Vlastimil"]
[Result "1/2-1/2"]
[WhiteElo "2590"]
[BlackElo "2540"]

1.d4 Nf6 2.c4 e6 3.Nf3 b6 4.g3 Bb7 5.Bg2 Be7 6.O-O O-O 7.Nc3 Ne4 8.Nxe4 Bxe4
9.Bf4 d6 10.Qd2 Nd7 11.Rfd1 Nf6 12.Rac1 a5 13.Ne1 Bxg2 14.Nxg2 Nh5 15.Be3 Nf6
16.f3 d5 17.cxd5 Qxd5 18.a3 Rac8 19.Bf2 Rfd8 20.Qc2 Qb5 21.e4 a4 22.Ne3 h5
23.Rd2 c5 24.d5 exd5 25.exd5 Bf8 26.Rcd1 c4 27.d6 Rc5 28.Rd4 g6 29.Rf4 Nd5
30.Nxd5 Rxd5 31.Rxd5 Qxd5 32.Qxc4 Rxd6 33.Qxa4 b5 34.Qa7 Rd7 35.Rd4 Rxa7
36.Rxd5 Rb7 37.Rd8 Rc7 38.b4 Rc1+ 39.Kg2 Rc2 40.Kf1 Rc1+ 41.Ke2 Rc2+ 42.Ke1 Kg7
43.Bd4+ f6 44.Rd7+ Kg8 45.h4 Ra2 46.Ra7 g5 47.Kf1 gxh4 48.gxh4 Bg7 49.Ke1 Bf8
50.Kd1 Bh6 51.Bxf6 Rf2 52.Be7 Rxf3 53.Kc2 Bg7 54.Bg5 Rc3+ 55.Kd2 Rb3 56.Ra5 Kf7
57.Rxb5 Rxa3 58.Rc5 Ke6 59.b5 Bd4  1/2-1/2

[Event "Munich"]
[Site "Munich"]
[Date "1991.??.??"]
[Round "9"]
[White "Hertneck, Gerald"]
[Black "Christiansen, Larry Mark"]
[Result "0-1"]
[WhiteElo "2535"]
[BlackElo "2590"]

1.d4 Nf6 2.c4 e6 3.Nf3 Bb4+ 4.Nbd2 c5 5.a3 Bxd2+ 6.Qxd2 O-O 7.dxc5 a5 8.g3 a4
9.Qc2 Nc6 10.Bg2 Qa5+ 11.Bd2 Qxc5 12.Rc1 b5 13.cxb5 Qxb5 14.O-O Bb7 15.e4 Rac8
16.Bc3 Ne7 17.Nd4 Qa6 18.Rfe1 e5 19.Nf3 d6 20.Nd2 Rfe8 21.Bf1 Qa8 22.Bb5 Bc6
23.Qd3 Ng6 24.Bxc6 Rxc6 25.Rcd1 Qc8 26.Nf1 h5 27.Ne3 Rd8 28.h4 Rd7 29.Rd2 Ne7
30.Red1 Rb7 31.Kg2 Rb3 32.f3 Nd7 33.Qe2 Qc7 34.Bb4 Nc5 35.Nc4 Rxb4 36.axb4 Nxe4
37.Na5 Nxd2 38.Nxc6 Nxc6 39.Qxd2 Nd4 40.Qc3 Qb7 41.Kf2 g6 42.Rxd4 exd4 43.Qxd4 Qc6
44.Ke3 Qc1+ 45.Qd2 Qg1+ 46.Kf4 Qb1 47.Ke3 Qg1+ 48.Kf4 Qb6 49.Qc3 d5 50.g4 hxg4
51.Kxg4 d4 52.Qc5 Qxc5 53.bxc5 f5+  0-1

[Event "Munich"]
[Site "Munich"]
[Date "1991.??.??"]
[Round "11"]
[White "Lobron, Eric"]
[Black "Christiansen, Larry Mark"]
[Result "1/2-1/2"]
[WhiteElo "2545"]
[BlackElo "2590"]

1.Nf3 Nf6 2.c4 e6 3.g3 c5 4.Bg2 d5 5.cxd5 Nxd5 6.O-O Nc6 7.d4 Be7 8.dxc5 Bxc5
9.a3 O-O 10.Qc2 Qe7 11.e4 Nc7 12.b4 Bd4 13.Nxd4 Nxd4 14.Qb2 e5 15.Be3 Rd8
16.Nc3 Be6 17.Rad1 Rd7 18.Bxd4 exd4 19.Nd5 Nxd5 20.exd5 Bxd5 21.Qxd4  1/2-1/2

[Event "Porz op26"]
[Site "Porz"]
[Date "1991.??.??"]
[Round "3"]
[White "Preuschoff, Michael"]
[Black "Christiansen, Larry Mark"]
[Result "0-1"]
[WhiteElo "2285"]
[BlackElo "2600"]

1.Nf3 d6 2.d4 Bg4 3.e4 e6 4.h3 Bh5 5.Qe2 Nd7 6.g4 Bg6 7.h4 h5 8.g5 Ne7 9.Bh3 c6
10.c4 d5 11.Nc3 dxe4 12.Nxe4 Nf5 13.Bf4 Bb4+ 14.Kf1 O-O 15.c5 Nxd4 16.Nxd4 Nxc5
17.Nxc5 Bxc5 18.Nxc6 bxc6 19.Rd1 Qb6 20.Kg2 Bd4 21.Rd2 c5 22.Kh2 Rad8 23.Bg2 e5
24.Bg3 Rfe8 25.Rhd1 e4 26.Bf4 a5 27.Bf1 Qe6 28.Qc4 Qg4 29.Bg3 Bxf2 30.Rxf2 Qxd1
31.Qxc5 e3  0-1

[Event "Porz op26"]
[Site "Porz"]
[Date "1991.??.??"]
[Round "5"]
[White "Hohelj, Stanislav"]
[Black "Christiansen, Larry Mark"]
[Result "0-1"]
[WhiteElo "2320"]
[BlackElo "2600"]

1.d4 Nf6 2.c4 e6 3.Nc3 Bb4 4.Qc2 c5 5.dxc5 Na6 6.Bd2 Nxc5 7.e3 b6 8.Nf3 Ba6
9.Be2 O-O 10.O-O Rc8 11.Rfd1 Qe7 12.Nd4 Rfd8 13.Ndb5 d5 14.cxd5 exd5 15.Qf5 g6
16.Qf4 Ne6 17.Qe5 Bc5 18.Be1 Bb7 19.Na4 Ne4 20.Nxc5 bxc5 21.f3 f6 22.Bh4 Qf7
23.Bxf6 Qxf6 24.Qxf6 Nxf6 25.Nxa7 Ra8 26.Nb5 Bc6 27.a4 c4 28.e4 Nf4 29.Bf1 dxe4
30.Bxc4+ Kg7 31.fxe4 Rxa4 32.Rxd8 Rxa1+ 33.Kf2 Nxe4+ 34.Kf3 Nd2+ 35.Kxf4 Nxc4
36.Nd4 Bxg2 37.b3 Nb6 38.Rd6 Nd5+ 39.Kg3 Be4 40.Ne6+ Kh6 41.Nc5 Rg1+ 42.Kf2 Rg2+
43.Ke1 Bf3 44.Nd3 Re2+  0-1

[Event "Porz op26"]
[Site "Porz"]
[Date "1991.??.??"]
[Round "7"]
[White "Schneider, B."]
[Black "Christiansen, Larry Mark"]
[Result "1/2-1/2"]
[WhiteElo "2430"]
[BlackElo "2600"]

1.c4 e6 2.Nc3 Bb4 3.Nf3 Nf6 4.Qc2 c5 5.a3 Ba5 6.g3 Nc6 7.Bg2 O-O 8.O-O d6
9.d3 h6 10.Rb1 e5 11.e3 Bg4 12.Bd2 Qd7 13.Nd5 Bd8 14.b4 cxb4 15.Nxf6+ Bxf6
16.Bxb4 Rfc8 17.Bc3 d5 18.Rb5 dxc4 19.dxc4 a6 20.Rd5 Qe7 21.c5 Rd8 22.Rfd1 Rxd5
23.Rxd5 Rd8 24.Rxd8+ Qxd8 25.h3 Be6 26.Qb2 Qc7 27.Nd2 Be7 28.Ne4 f6 29.Kh2 Nd8
30.Qd2 Nf7 31.Bb4 f5 32.Nd6 e4 33.f3 exf3 34.Bxf3 Bxd6 35.cxd6 Qd7 36.Qd4 Ng5
37.Bg2 Qf7 38.Bc3 Ne4 39.Bxe4 fxe4 40.Qxe4 Qf2+ 41.Qg2 Qxe3 42.Qd2 Qf3 43.d7 Bxd7
44.Qxd7 Qxc3 45.Qe8+  1/2-1/2

[Event "Porz op26"]
[Site "Porz"]
[Date "1991.??.??"]
[Round "8"]
[White "Christiansen, Larry Mark"]
[Black "Kalinitschew, Sergey"]
[Result "1-0"]
[WhiteElo "2600"]
[BlackElo "2430"]

1.d4 f5 2.g3 Nf6 3.Bg2 g6 4.Nh3 Bg7 5.Nc3 d6 6.Bg5 c6 7.Qd2 h6 8.Bxf6 Bxf6
9.Nf4 Kf7 10.d5 Qa5 11.e4 Na6 12.O-O Nc5 13.exf5 Bxf5 14.Rfe1 Rac8 15.Re3 Na4
16.Rae1 Nxb2 17.Qe2 Rhe8 18.Be4 e5 19.Bxf5 gxf5 20.Qh5+ Kg8 21.Qg6+ Bg7 22.Ne6  1-0

[Event "San Francisco"]
[Site "San Francisco"]
[Date "1991.??.??"]
[Round "3"]
[White "Christiansen, Larry Mark"]
[Black "Ftacnik, Lubomir"]
[Result "1/2-1/2"]
[WhiteElo "2590"]
[BlackElo "2590"]

1.c4 Nf6 2.Nc3 d5 3.cxd5 Nxd5 4.g3 g6 5.Bg2 Nxc3 6.bxc3 Bg7 7.Nf3 O-O 8.O-O c5
9.Rb1 Nc6 10.Qa4 Qc7 11.d4 cxd4 12.cxd4 Bf5 13.Rb5 a6 14.Rc5 Qd7 15.Rd1 Rac8
16.Ba3 b5 17.Qxa6 b4 18.Rdc1 Nxd4 19.Rxc8 Rxc8 20.Rxc8+ Qxc8 21.Qxc8+ Bxc8
22.Bxb4 Nxe2+ 23.Kf1 Ba6 24.Ke1 Nc1 25.Kd2  1/2-1/2

[Event "San Francisco"]
[Site "San Francisco"]
[Date "1991.??.??"]
[Round "5"]
[White "Christiansen, Larry Mark"]
[Black "Grefe, John A"]
[Result "1-0"]
[WhiteElo "2590"]
[BlackElo "2385"]

1.d4 Nf6 2.c4 g6 3.Nc3 Bg7 4.e4 d6 5.f3 O-O 6.Be3 e5 7.d5 Nh5 8.Qd2 Qh4+
9.Bf2 Qf4 10.g4 Qxd2+ 11.Kxd2 Nf4 12.Nge2 c6 13.Be3 f5 14.gxf5 gxf5 15.Rg1 Nxe2
16.Bxe2 f4 17.Bf2 Na6 18.Rad1 Bh3 19.Bf1 Bxf1 20.Rgxf1 Bf6 21.a3 Kf7 22.b4 Rg8
23.Rg1 c5 24.Nb5 Ke7 25.Rxg8 Rxg8 26.Rg1 Rxg1 27.Bxg1 cxb4 28.axb4 Nxb4 29.Bxa7 Kd7
30.Bb8 Be7 31.c5 dxc5 32.Bxe5 Bg5 33.Bd6 Na6 34.Kd3 Nb4+ 35.Kc3 b6 36.Bc7 Bf6+
37.Kd2 c4 38.Bxf4 Nd3 39.Be3 Be5 40.Na3 Nb2 41.f4 Bd6 42.Nb5 Bb4+ 43.Ke2 c3
44.Bd4  1-0

[Event "San Francisco"]
[Site "San Francisco"]
[Date "1991.??.??"]
[Round "9"]
[White "Christiansen, Larry Mark"]
[Black "Tal, Mihail"]
[Result "1/2-1/2"]
[WhiteElo "2590"]
[BlackElo "2570"]

1.d4 Nf6 2.c4 e6 3.Nc3 Bb4 4.e3 O-O 5.Bd3 d5 6.cxd5 exd5 7.Ne2 c5 8.a3 cxd4
9.exd4 Bxc3+ 10.bxc3 b6 11.O-O Ba6 12.Bc2 Nbd7 13.Re1 Re8 14.Bf4 Rc8 15.Ng3 Rxc3
16.Qd2 Rc6 17.Nf5 Rce6 18.Rxe6 Rxe6 19.Be5 Nxe5 20.dxe5 Rxe5 21.Qg5 Rxf5
22.Qxf5 Qd6 23.Rd1 Qxa3 24.Qe5 Qc5 25.Bf5 Bc4 26.Ra1 Bb5 27.Qb8+ Ne8 28.Qxa7 g6
29.Bd7 Bxd7 30.Qxd7 Nf6 31.Qa4 Ne4 32.Qe8+ Kg7 33.Qe5+ f6 34.Qf4 b5 35.Rc1 Nc3
36.Kh1 b4 37.Qf3 Qd4 38.Qg3 Qe5  1/2-1/2

[Event "San Francisco"]
[Site "San Francisco"]
[Date "1991.??.??"]
[Round "11"]
[White "Christiansen, Larry Mark"]
[Black "Fedorowicz, John P"]
[Result "1/2-1/2"]
[WhiteElo "2590"]
[BlackElo "2555"]

1.d4 Nf6 2.c4 g6 3.Nc3 Bg7 4.e4 d6 5.f3 O-O 6.Nge2 c5 7.d5 e6 8.Ng3 exd5
9.cxd5 a6 10.a4 Nbd7 11.Be2 h5 12.Bg5 Qc7 13.Qd2 c4 14.O-O Rb8 15.Bh6 h4
16.Nh1 b5 17.axb5 axb5 18.Nf2 b4 19.Bxg7 Kxg7 20.Na4 Nc5 21.Nxc5 Qxc5  1/2-1/2

[Event "Vienna"]
[Site "Vienna"]
[Date "1991.??.??"]
[Round "1"]
[White "Christiansen, Larry Mark"]
[Black "Kindermann, Stefan"]
[Result "1-0"]
[WhiteElo "2600"]
[BlackElo "2500"]

1.c4 e5 2.Nc3 Nc6 3.Nf3 Nf6 4.e4 Bb4 5.d3 d6 6.g3 a6 7.Bg2 b5 8.O-O Bxc3
9.cxb5 axb5 10.bxc3 O-O 11.d4 Bg4 12.h3 Bxf3 13.Bxf3 h6 14.Bg2 Ra4 15.Be3 Re8
16.Qd3 exd4 17.cxd4 Rc4 18.Rac1 d5 19.e5 Ne4 20.a4 f5 21.exf6 Qxf6 22.axb5 Na5
23.Qa3 Qb6 24.Bxe4 Rxe4 25.Rxc4 dxc4 26.Qb4 Kh7 27.Ra1 Qg6 28.Qxa5 Rxe3 29.Qxc7 Qd3
30.b6 Qxd4 31.Rf1 Rb3 32.b7 Qb6 33.Qxc4 Qxb7 34.Qc2+ Kg8 35.Rd1 Rf3 36.Rd8+ Kf7
37.Qd1 Qe4 38.Rd4 Qc6 39.Rd7+ Kg8 40.Rd8+ Kf7 41.h4 Rc3 42.Kh2 Rc2 43.Qd4 Rc1
44.Rd7+ Ke8 45.Rd5 Re1 46.h5 Re7 47.Qd3 Qb6 48.Rf5 Qc6 49.Qb3 Kd7 50.Rb5 Re1
51.Qf7+ Re7 52.Rd5+ Kc8 53.Qxe7 Qxd5 54.Qf8+  1-0

[Event "Vienna"]
[Site "Vienna"]
[Date "1991.??.??"]
[Round "3"]
[White "Epishin, Vladimir"]
[Black "Christiansen, Larry Mark"]
[Result "1/2-1/2"]
[WhiteElo "2615"]
[BlackElo "2600"]

1.d4 Nf6 2.c4 e6 3.Nf3 Bb4+ 4.Nbd2 c5 5.a3 Bxd2+ 6.Qxd2 b6 7.b4 Bb7 8.Bb2 O-O
9.e3 Qe7 10.Bd3 Na6 11.dxc5 bxc5 12.b5 Nc7 13.O-O d5 14.Ne5 Rfd8 15.Qc2 Nce8
16.Rfd1 Rac8 17.a4 Nd6 18.f3 h6 19.Qf2 Nd7 20.Nxd7 Rxd7 21.Rac1 dxc4 22.Bb1 f5
23.Qg3 Rcd8 24.Qe5 Ne8 25.Rxd7 Rxd7 26.h3 Rd5 27.Qf4 Nd6 28.Be5 Nf7 29.Bc3 Nd6
30.Qg3 e5 31.Qg6 e4 32.f4 Bc8 33.Ba2 Be6 34.Bxg7 Qxg7 35.Qxe6+ Qf7 36.Qxf7+ Kxf7
37.Bxc4 Nxc4 38.Rxc4 Ke6 39.g4 Rd1+ 40.Kf2 Kd5 41.Rc2 fxg4 42.hxg4 c4 43.f5 Kc5
44.Kg3 Kb4 45.f6 c3 46.Rf2 Rd8 47.Kf4 Rd2 48.Rf1 c2 49.f7 Rd8 50.Ke5 Kxa4
51.Ke6 Rd1 52.f8=Q c1=Q 53.Rxd1 Qxd1 54.Qf5 Qb3+ 55.Ke5 Qxe3 56.Qd7 Ka5 57.Qc6 Qb6
58.Kxe4  1/2-1/2

[Event "Vienna"]
[Site "Vienna"]
[Date "1991.??.??"]
[Round "7"]
[White "Brestian, Egon"]
[Black "Christiansen, Larry Mark"]
[Result "1/2-1/2"]
[WhiteElo "2475"]
[BlackElo "2600"]

1.c4 e5 2.g3 Nc6 3.Bg2 g6 4.Nc3 Bg7 5.Rb1 Nge7 6.b4 a6 7.e3 d6 8.Nge2 Bf5
9.d3 Qd7 10.O-O h5 11.h4 Bh3 12.Nd5 Bxg2 13.Kxg2 O-O 14.e4 Nxd5 15.cxd5 Ne7
16.Bb2 f5 17.f3 Rf7 18.Qc2 Raf8 19.a4 c6 20.dxc6 Nxc6 21.b5 axb5 22.axb5 Ne7
23.Ba3 Bh6 24.Bc1 Bxc1 25.Qxc1 d5 26.Qc2 Qe6 27.Rbc1 Qb6 28.Qc5 Qxc5 29.Rxc5 fxe4
30.dxe4 dxe4 31.f4 Nf5 32.Re1 Ne3+ 33.Kg1 Ng4 34.fxe5 Rf3 35.e6 Re3 36.Rc3 Ref3
37.Rc7 Re8 38.e7 b6 39.Rb7 Kf7 40.Rf1 Rxe7 41.Rxf3+ exf3 42.Rxe7+ Kxe7 43.Nc3 Kd6
44.Na4 Kd5 45.Nxb6+ Kc5 46.Nd7+ Kd4 47.Nb6 Ke4 48.Kf1 Ne3+ 49.Kf2 Ng4+ 50.Kf1 Kd4
51.Nc4 Kxc4 52.b6 Ne5 53.b7 Nd7 54.Kf2 Kd5 55.Kxf3 Ke5 56.g4 Nb8 57.gxh5 gxh5
58.Ke3 Kf5 59.Kf3 Nc6 60.Kg3 Ke4  1/2-1/2

[Event "Vienna"]
[Site "Vienna"]
[Date "1991.??.??"]
[Round "9"]
[White "Fauland, Alexander"]
[Black "Christiansen, Larry Mark"]
[Result "0-1"]
[WhiteElo "2475"]
[BlackElo "2600"]

1.d4 Nf6 2.c4 e6 3.Nf3 Bb4+ 4.Nbd2 O-O 5.a3 Bxd2+ 6.Bxd2 Ne4 7.Be3 d5 8.Qc2 Nc6
9.Rc1 Nd6 10.cxd5 exd5 11.Bf4 Re8 12.e3 Bf5 13.Bd3 Bxd3 14.Qxd3 Nc4 15.O-O a6
16.Qf5 f6 17.b3 g6 18.Qg4 Nxa3 19.h4 Nb5 20.h5 Kf7 21.Qh3 Rg8 22.e4 dxe4
23.d5 Qxd5 24.Rcd1 Qe6 25.Qh2 exf3 26.Rfe1 Rad8  0-1

[Event "Cannes team g/60"]
[Site "Cannes"]
[Date "1992.??.??"]
[Round "4"]
[White "Christiansen, Larry Mark"]
[Black "Piket, Jeroen"]
[Result "1/2-1/2"]
[WhiteElo "2595"]
[BlackElo "2615"]

1.d4 d5 2.c4 e6 3.Nc3 c5 4.cxd5 exd5 5.Nf3 Nc6 6.g3 Nf6 7.Bg2 Be7 8.O-O O-O
9.Bg5 cxd4 10.Nxd4 h6 11.Bf4 Bg4 12.h3 Be6 13.Rc1 Qd7 14.Nxe6 fxe6 15.e4 d4
16.e5 dxc3 17.exf6 Qxd1 18.Rfxd1 Bxf6 19.bxc3 Rad8 20.Re1 Rfe8 21.Be4 Kf7
22.Kg2 Rd7 23.h4 Rc8 24.Bf3 Nd8 25.c4 b6 26.Bh5+ Ke7 27.Rc2 Rd4 28.Be2 Rd7
29.Bc1 Kf7 30.Bh5+ g6 31.Bf3 h5 32.Re4 Nb7 33.Re3 Na5 34.Re4 Rd4 35.Rxd4 Bxd4
36.Be2 b5 37.c5 Rxc5 38.Rxc5 Bxc5 39.Bxb5 Nb7 40.Bc4 Nd6 41.Bb3 Nf5 42.Bg5 Bb6
43.f3 Be3 44.Bxe3 Nxe3+ 45.Kh3 Kf6 46.g4 Nd5 47.Kg3 Ke5 48.Bc2 Nf4 49.g5 Ne2+
50.Kf2 Nf4 51.Be4 Kd4 52.Bb1 a5 53.a3 e5 54.Be4 Kc3 55.Bc6 Kd2 56.Be8 Kd3
57.Bc6 Kd2 58.Be4 Kc3 59.Bc6 Kd2 60.Bb5 Nh3+ 61.Kg3 Nf4 62.Kf2 Nh3+ 63.Kg3 Nf4
64.Kf2  1/2-1/2

[Event "Cannes team g/60"]
[Site "Cannes"]
[Date "1992.??.??"]
[Round "5"]
[White "Renet, Olivier"]
[Black "Christiansen, Larry Mark"]
[Result "0-1"]
[WhiteElo "2495"]
[BlackElo "2595"]

1.e4 c5 2.Nf3 e6 3.d4 cxd4 4.Nxd4 a6 5.Bd3 Bc5 6.Nb3 Ba7 7.Qe2 Nc6 8.Be3 Nf6
9.Nc3 O-O 10.O-O-O Bxe3+ 11.Qxe3 d5 12.exd5 exd5 13.Qf4 Be6 14.Rhe1 Rc8 15.Kb1 Re8
16.h3 b5 17.Ne2 Qb6 18.Ned4 b4 19.Nxc6 Qxc6 20.Qxb4 Rb8 21.Qa5 Ne4 22.Bxe4 dxe4
23.Nd4 Qb7 24.b3 Bd7 25.Nf5 Bxf5 26.Qxf5 g6 27.Qd7 Qb6 28.Qd4 Qc6 29.Qd6 Qb7
30.Qd5 Qb6 31.Qd4 Qa5 32.Qe3 Rbc8 33.c4 Qb4 34.Rd4 a5 35.Rxe4 Red8 36.Rc1 Qb7
37.f3 a4 38.c5 axb3 39.axb3 Qa6 40.Ra4 Qb5 41.Rac4 Rc6 42.Qc3 Ra6 43.c6 Ra3
44.Rb4 Qe2 45.Qc2 Rd2 46.c7 Rxc2 47.Rxc2 Qe1+ 48.Rc1 Ra1+ 49.Kxa1 Qxc1+ 50.Ka2 Qxc7
51.Rc4 Qg3 52.Rc2 Qf4 53.Ka3 Qe3 54.Kb2 h5 55.Rc3 Qd4 56.Kc2 Qf2+ 57.Kb1 Qxg2  0-1

[Event "Bundesliga 9192"]
[Site "Germany"]
[Date "1992.??.??"]
[Round "?"]
[White "Piskov, Yury"]
[Black "Christiansen, Larry Mark"]
[Result "0-1"]
[WhiteElo "2500"]
[BlackElo "2595"]

1.c4 e5 2.Nc3 Nf6 3.Nf3 Nc6 4.e3 Bb4 5.Nd5 e4 6.Ng1 O-O 7.Qc2 Re8 8.Ne2 Bd6
9.a3 b5 10.Nxf6+ Qxf6 11.c5 Be5 12.Ng3 Rb8 13.Be2 Bb7 14.O-O Qh4 15.d4 exd3
16.Qxd3 Re6 17.f4 Rh6 18.Nh5 Bf6 19.Qd1 Ne7 20.Rf2 Nf5 21.g3 Nxg3 22.Nxf6+ Rxf6
23.Bf3 Ne4 24.Rg2 Nxc5 25.Bxb7 Nxb7 26.Bd2 Rg6 27.Qf3 Nd6 28.e4 Re8 29.Re1 Nc4
30.Bc3 d5 31.Re2 dxe4 32.Rxe4 Rxe4 33.Qxe4 Qd8 34.h4 Rxg2+ 35.Qxg2 f6 36.Qe4 Qd7
37.Kf2 c6 38.h5 h6 39.a4 a6 40.axb5 axb5 41.b3 Nd6 42.Qd4 Qe6 43.Bb4 Ne4+
44.Kf3 f5 45.Bc3 Qf7 46.Ke3 c5  0-1

[Event "Groningen"]
[Site "Groningen"]
[Date "1992.??.??"]
[Round "4"]
[White "Rozentalis, Eduardas"]
[Black "Christiansen, Larry Mark"]
[Result "1/2-1/2"]
[WhiteElo "2590"]
[BlackElo "2625"]

1.e4 c5 2.c3 e6 3.d4 d5 4.exd5 exd5 5.Nf3 Nc6 6.g3 Bg4 7.Bg2 cxd4 8.O-O Bd6
9.Qb3 Nge7 10.Nxd4 Qd7 11.Bg5 O-O 12.Bxe7 Nxe7 13.Na3 Rad8 14.Nac2 Bc5 15.Rfe1 Nc6
16.Qb5 Bb6 17.a4 g6 18.a5 Bxd4 19.Nxd4 Nxd4 20.Qxd7 Rxd7 21.cxd4 Rc8 22.Rac1 Rc4
23.Rxc4 dxc4 24.d5 Kf8 25.Re4 Bf5 26.Rxc4 Ke7 27.f4 Kd6 28.Kf2 Re7 29.Bf3 h5
30.a6 Bg4 31.Be4 Bf5 32.Bf3 Bg4 33.Be4 Bf5 34.axb7 Rxb7 35.Rc6+ Ke7 36.Bxf5 gxf5
37.Ke3 Rxb2 38.Kd4 Rxh2 39.Ke5 Re2+ 40.Kxf5 Re3 41.Rc7+ Kd6 42.Rxa7 Rxg3
43.Rxf7 Kxd5 44.Rd7+ Kc6 45.Rh7 Kd6 46.Kf6 Rh3 47.f5 h4 48.Rh6 Kd7 49.Rh8 Rh1
50.Kf7 h3 51.f6 h2 52.Rh6 Kc7 53.Rh3 Kd6 54.Rd3+ Ke5 55.Rd2 Kf4  1/2-1/2

[Event "Groningen"]
[Site "Groningen"]
[Date "1992.??.??"]
[Round "6"]
[White "Christiansen, Larry Mark"]
[Black "Jussupow, Artur"]
[Result "1/2-1/2"]
[WhiteElo "2625"]
[BlackElo "2640"]

1.d4 d5 2.c4 c6 3.Nc3 Nf6 4.e3 g6 5.Nf3 Bg7 6.Be2 O-O 7.O-O Bg4 8.cxd5 cxd5
9.Qb3 b6 10.h3 Bxf3 11.Bxf3 e6 12.Bd2 Nc6 13.Rfc1 Na5 14.Qb4 Nc4 15.Be1 Re8
16.b3 Bf8 17.Qa4 Nd6 18.Nb5 Nxb5 19.Qxb5 Re7 20.Qc6 Ne8 21.Bd2 Rc7 22.Qb5 Rac8
23.Qd3 Rxc1+ 24.Rxc1 Rxc1+ 25.Bxc1 Qc7 26.Bd2 Nd6 27.Qc3 Qxc3 28.Bxc3 h5
29.g4 hxg4  1/2-1/2

[Event "Groningen"]
[Site "Groningen"]
[Date "1992.??.??"]
[Round "7"]
[White "Nijboer, Friso"]
[Black "Christiansen, Larry Mark"]
[Result "1-0"]
[WhiteElo "2485"]
[BlackElo "2625"]

1.e4 c5 2.Nf3 e6 3.d4 cxd4 4.Nxd4 a6 5.Bd3 Nf6 6.O-O Qc7 7.Qe2 d6 8.c4 g6
9.Nc3 Bg7 10.Nf3 O-O 11.Bf4 Nbd7 12.Rfd1 Nh5 13.Be3 Ne5 14.Rac1 Bd7 15.Nd4 Rae8
16.f4 Nxd3 17.Qxd3 Rd8 18.Nde2 Bc6 19.b4 f5 20.exf5 gxf5 21.b5 axb5 22.cxb5 Be8
23.Nd5 Qf7 24.Nc7 Nf6 25.a4 Ne4 26.Bd4 Rd7 27.Bxg7 Kxg7 28.b6 Qf6 29.Qd4 Bf7
30.a5 Qxd4+ 31.Nxd4 Kf6 32.Ndb5 Ke7 33.Rd3 h5 34.Ra3 Rb8 35.Na7 Kf6 36.Rb1 e5
37.Rc1 exf4 38.Nab5 Ke5 39.Rd3 Rg8 40.Nd4 Kf6 41.Nf3 Rdd8 42.Rd4 Rh8 43.h4 Rhg8
44.Rc2 Rb8 45.Rb4 Nc5 46.Ng5 Ne4 47.Nxe4+ fxe4 48.Rxe4 Kf5 49.Rb4 Bg6 50.Rf2 Kf6
51.Kh2 Bh7 52.Rfxf4+ Ke5 53.Rf7 Bd3 54.Re7+ Kf5 55.Rd4 Bb1 56.Rd1 Ba2 57.Rxd6 Rg4
58.g3 Ra4 59.Ne8 Kg4 60.Rg6+  1-0

[Event "Manila ol (Men)"]
[Site "Manila"]
[Date "1992.??.??"]
[Round "?"]
[White "Christiansen, Larry Mark"]
[Black "Pinter, Jozsef"]
[Result "1/2-1/2"]
[WhiteElo "2595"]
[BlackElo "2580"]

1.e4 e5 2.Nf3 Nc6 3.Bb5 a6 4.Bxc6 dxc6 5.O-O Qd6 6.Na3 Be6 7.Ng5 Bd7 8.d3 f6
9.Nc4 Qe7 10.Nf3 Qf7 11.Be3 Be6 12.Nfd2 Ne7 13.f4 exf4 14.Bxf4 Ng6 15.Bg3 Bc5+
16.Kh1 O-O 17.Qh5 b6 18.Rae1 Qd7 19.h3 Rae8 20.a3 Rf7 21.Kh2 Bf8 22.Qe2 b5
23.Ne3 Bd6 24.Qf2 Bc5 25.Qf3 Bd4 26.Nd1 c5 27.Qh5 Be5 28.Bxe5 Nxe5 29.Nf3 Nxf3+
30.Rxf3 c4 31.Nc3 Qd4 32.e5 f5 33.Qg5 Qc5 34.Qg3 cxd3 35.cxd3 b4 36.Ne2 bxa3
37.d4 Qb6 38.bxa3 c5 39.Rd1 Bc4 40.dxc5 Qxc5 41.Re3 Bxe2 42.Rxe2 Rfe7 43.Qb3+ Kf8
44.Rd5 Qc7 45.Qg3 Qc4 46.Red2 Qe4 47.R2d4 Qe2 48.Rc5 Rxe5 49.Rd7 R5e7 50.Rxf5+ Kg8
51.Rd6 Re3 52.Qg5 R3e6 53.Rd2 Qe3 54.Qxe3 Rxe3 55.Ra5 R3e6 56.Rd7 Rg6 57.Rd3 h6
58.g4 Rge6 59.Kg3 g5 60.Rf3 Kg7 61.a4 Rd8 62.Raf5 Rd7 63.a5 Red6 64.h4 gxh4+
65.Kxh4 Rd5  1/2-1/2

[Event "Manila ol (Men)"]
[Site "Manila"]
[Date "1992.??.??"]
[Round "?"]
[White "Christiansen, Larry Mark"]
[Black "Soppe, Guillermo"]
[Result "1-0"]
[WhiteElo "2595"]
[BlackElo "2440"]

1.e4 Nf6 2.e5 Nd5 3.d4 d6 4.Nf3 Bg4 5.Be2 e6 6.O-O Be7 7.c4 Nb6 8.Nc3 O-O
9.Be3 Nc6 10.exd6 cxd6 11.d5 exd5 12.cxd5 Bxf3 13.Bxf3 Ne5 14.Bd4 Bf6 15.Be2 Ng6
16.Rc1 Rc8 17.g3 Re8 18.Bb5 Bxd4 19.Qxd4 Re7 20.f4 Nf8 21.a4 a5 22.Rce1 Nbd7
23.Re3 Rxe3 24.Qxe3 Nc5 25.Re1 Nfd7 26.g4 h6 27.Kg2 Qf6 28.Kg3 Nf8 29.h4 Ng6
30.g5 hxg5 31.hxg5 Qf5 32.Ne4 Qxd5 33.Nxc5 dxc5 34.Qf3 Qxf3+ 35.Kxf3 f6 36.Kg4 fxg5
37.Kxg5 Nf8 38.Bc4+ Kh8 39.f5 Nh7+ 40.Kg6 Nf8+ 41.Kf7 Nh7 42.Rh1 Rf8+ 43.Ke7 Rf6
44.Be6  1-0